El nacionalismo continental

Guardat en:
Dades bibliogràfiques
Autor principal: Edwards Bello, Joaquín (Autor)
Format: Llibre
Idioma:espanyol
Publicat: Santiago Ercilla 1935
Edició:1a. ed
Col·lecció:Obras Completas de Joaquín Edwards Bello, 9
Matèries:
Etiquetes: Afegir etiqueta
Sense etiquetes, Sigues el primer a etiquetar aquest registre!

MARC

LEADER 00000nam a2200000 a 4500
001 UCZ8250
003 CL-VaPUC
008 960119e19350000CL |||||||||||||||||spa|d
082 0 4 |a 320.54  |b EDW  |2 21 
100 0 |a Edwards Bello, Joaquín  |e author  |9 344236 
245 1 3 |a El nacionalismo continental 
250 |a 1a. ed 
300 |a 184 p 
942 |c BK 
945 |d 19960119 00:00:00  |a rleighto 
260 |a Santiago  |b Ercilla  |c 1935 
600 0 7 |a HAYA DE LA TORRE, MIGUEL  |2 CL-VaPUC  |9 353473 
650 7 |a NACIONALISMO  |2 CL-VaPUC  |9 353474 
650 0 |a Ciencias Políticas  |9 255201 
650 0 |a Doctrinas políticas  |9 255835 
650 0 |a Imperialismo  |9 258264 
651 7 |a CHILE  |2 CL-VaPUC  |9 353475 
651 0 |a América Latina   |9 255027 
651 0 |a Estados Unidos  |9 255178 
583 |a last modification  |c 19960119 00:00:00  |k Rodrigo Vera 
490 0 |a Obras Completas de Joaquín Edwards Bello, 9 
999 |c 244187  |d 244185 
952 |0 0  |1 0  |4 0  |6 320_540000000000000_EDW_1935  |7 0  |8 P  |9 258164  |a BIBEDU  |b BIBEDU  |c BIBEDU_PB  |d 2019-11-19  |i 3171140  |o 320.54 EDW 1935  |p 3171140  |r 2024-01-25  |w 2019-11-19  |y BK  |k EDU 
952 |0 0  |1 0  |4 0  |6 320_540000000000000_EDW_1935  |7 0  |8 X  |9 258165  |a FDOBUD  |b FDOBUD  |d 2019-11-19  |i 1040286  |o 320.54 EDW 1935  |p 1040286  |r 2019-11-19  |w 2019-11-19  |y BK_X  |k BUD